İslâm ve demokrasi (Record no. 1702)

MARC details
000 -BAŞLIK
Sabit Uzunlukta Kontrol Alanı 00814na a2200253 4500
001 - KONTROL NUMARASI
Denetim Alanı 12979
003 - KONTROL NUMARASI IDENTIFIER
Denetim Alanı MIRAKIL
005 - SON İŞLEM TARİHİ VE ZAMANI
Denetim Alanı 20181213154832.0
008 - SABİT-BOY VERİ ELEMANLARI - GENEL BİLGİLER
Sabit Uzunlukta Kontrol Alanı 160831b tu 000 0
020 ## - ULUSLARARASI STANDART KİTAP NUMARASI
Uluslararası Standart Kitap Numarası 9753893426
035 ## - SİSTEM KONTROL NUMARASI
Sistem Kontrol Numarası 12979
040 ## - KATALOGLAMA KAYNAK
Orijinal Kataloglama Ajansı Milas
Kataloglama Dili tur
Metne Dönüştürmek Ajansı TR-AnCHP
082 ## - DEWEY ONLU SINIFLANDIRMA NUMARASI
Sınıflandırma Numarası 297.197
Ürün Numarası K74i 1999
090 ## - SINIFLAMA NUMARASI
Sınıflama Numarası 297.197 K74i 1999
111 ## - ANA GİRİŞ - TOPLANTI ADI
Giriş Elemanı Olarak Toplantı Adı Veya Yargı Alanı Adı Kutlu doğum Sempozyum
Toplantının Yeri Ankara
Toplantı Veya Antlaşma İmzalandığı Tarihi 1998
245 ## - BAŞLIK TABLOSU
Başlık İslâm ve demokrasi
Başlığın Kalan Kutlu Doğum Sempozyumu - 1998
Sorumluluk Tablosu, Vb Yayına Hazırlayan: Ömer Turan
260 ## - YAYIN, DAĞITIM, VB
Yayın, Dağıtım, Vb Yeri Ankara
Yayıncı, Dağıtıcı, Vs Adı Diyanet İşleri Başkanlığı
Yayın, Dağıtım, Vb Tarihi 1999
300 ## - FİZİKSEL TANIM
Kapsam x, 525 s.
Diğer Fiziksel Ayrıntıları fotğ.
Boyutlar 24 sm.
490 ## - SERİSİ TABLOSU
Seri Beyanı Sempozyumlar ve Paneller Serisi
Hacim / Ardışık Tanımı 27
490 ## - SERİSİ TABLOSU
Seri Beyanı Diyanet İşleri Başkanlığı yayınları
Hacim / Ardışık Tanımı 291
650 ## - KONU KATMA GİRİŞ - TOPİKAL DÖNEM
Topikal Süreli Veya Coğrafi Ad Giriş Elemanı İslam dini
Genel Alt Bölümü Demokrasi
Kronolojik Alt Bölümü Toplantılar
700 ## - KATMA GİRİŞ - KİŞİSEL İSİM
Kişisel Ad Turan, Ömer
942 ## - EKLENDİ GİRİŞ ELEMANLARI (KOHA)
Sınıflandırma Veya Raf Düzeni Kaynak Dewey Decimal Classification
Koha Öğesi Türü Books
999 ## - SİSTEM KONTROL NUMARALARI (KOHA)
Koha Biblionumber 1702
Koha Biblioitemnumber 1702
Holdings
Kalıcı Konum Mevcut Konum Edinme Tarihi Edinim Kaynak Toplam Check-Out'Lar Tam Çağrı Numarası Barkod Tarih Son Görülme İtibaren Geçerli Fiyatlar Koha Öğesi Türü
CHP Kütüphanesi CHP Kütüphanesi 08/04/2016 Bağış   297.197 K74i 1999 000379 08/04/2016 08/04/2016 Books